Gender analysis of labour force participation, employment and status of work in Ghana (Record no. 33994)

000 -LEADER
fixed length control field 00423pab a2200145 454500
008 - FIXED-LENGTH DATA ELEMENTS--GENERAL INFORMATION
fixed length control field 180718b1996 xxu||||| |||| 00| 0 eng d
100 ## - MAIN ENTRY--PERSONAL NAME
Personal name Dordunoo, Cletus K.
245 ## - TITLE STATEMENT
Title Gender analysis of labour force participation, employment and status of work in Ghana
260 ## - PUBLICATION, DISTRIBUTION, ETC.
Date of publication, distribution, etc. 1996
300 ## - PHYSICAL DESCRIPTION
Extent p.61-81
650 ## - SUBJECT ADDED ENTRY--TOPICAL TERM
Topical term or geographic name entry element Women - Ghana
650 ## - SUBJECT ADDED ENTRY--TOPICAL TERM
Topical term or geographic name entry element Labour market
773 ## - HOST ITEM ENTRY
Main entry heading Greenhil Journal of Administration
909 ## -
-- 33994
Holdings
Withdrawn status Lost status Damaged status Not for loan Permanent Location Current Location Date acquired Serial Enumeration / chronology Barcode Date last seen Price effective from Koha item type
        Indian Institute of Public Administration Indian Institute of Public Administration 2018-07-19 Volume no: 10, Issue no: 1-2 AR34223 2018-07-19 2018-07-19 Articles

Powered by Koha